| 000 | 00549nam a2200181 a 4500 | ||
|---|---|---|---|
| 001 | 000023780 | ||
| 005 | 20200930022449.0 | ||
| 008 | 110113s1995 dr a 000 0 spa d | ||
| 040 |
_aDO-SdBNP _bspa _cBNPHU |
||
| 082 |
_axxx _bA162d |
||
| 100 | 1 |
_aAbreu Mejía, Rafael _924336 |
|
| 245 | 1 | 0 |
_aDespués de la polvora / _cRafael Abreu Mejía. |
| 260 |
_aSanto Domingo : _bPunto Creativo, _c1995. |
||
| 300 |
_a30 p. : _bil. ; _c22 cm. |
||
| 490 | 1 |
_aCuadernos popular de poesía _v4 |
|
| 830 | 0 |
_aCuadernos popular de poesía _n4 _948950 |
|
| 049 | _aBNPD | ||
| 999 |
_c23276 _d23276 |
||